Surveys of land, buildings and utilities services at scales 1:500 and larger (Record no. 93654)

MARC details
000 -LEADER
fixed length control field 00874cam a2200277 4500
008 - FIXED-LENGTH DATA ELEMENTS--GENERAL INFORMATION
fixed length control field 090401t1996 xxu||||| |||| 00| 0 eng d
020 ## - INTERNATIONAL STANDARD BOOK NUMBER
International Standard Book Number 0854065393
035 ## - SYSTEM CONTROL NUMBER
System control number (Sirsi) u55804
041 ## - LANGUAGE CODE
Language code of text/sound track or separate title eng
050 ## - LIBRARY OF CONGRESS CALL NUMBER
Classification number 526.9
-- 18
090 ## - LOCALLY ASSIGNED LC-TYPE CALL NUMBER (OCLC); LOCAL CALL NUMBER (RLIN)
Classification number (OCLC) (R) ; Classification number, CALL (RLIN) (NR) RICS 1996/11ABCD
110 ## - MAIN ENTRY--CORPORATE NAME
Corporate name or jurisdiction name as entry element Royal Institution of Chartered Surveyors
9 (RLIN) 4900
245 ## - TITLE STATEMENT
Title Surveys of land, buildings and utilities services at scales 1:500 and larger
Remainder of title client specification guidelines
250 ## - EDITION STATEMENT
Edition statement 2nd ed
260 ## - PUBLICATION, DISTRIBUTION, ETC.
Place of publication, distribution, etc. London
Name of publisher, distributor, etc. RICS
Date of publication, distribution, etc. 1996
300 ## - PHYSICAL DESCRIPTION
Extent ix, 50, 19p.
Other physical details ill.
Dimensions 30cm.
350 ## - PRICE (NR) (BK AM CF MU VM SE) [OBSOLETE]
Price 27.50
490 ## - SERIES STATEMENT
Series statement RICS Guidance Note
520 ## - SUMMARY, ETC.
Summary, etc. Accompanied by computer disc (L147267). Superseded by the 3rd Edition, 8 December 2014.
650 ## - SUBJECT ADDED ENTRY--TOPICAL TERM
Topical term or geographic name entry element BUILDING SURVEYS
650 ## - SUBJECT ADDED ENTRY--TOPICAL TERM
Topical term or geographic name entry element LAND SURVEYS
650 ## - SUBJECT ADDED ENTRY--TOPICAL TERM
Topical term or geographic name entry element Utilities
9 (RLIN) 6272
690 ## - LOCAL SUBJECT ADDED ENTRY--TOPICAL TERM (OCLC, RLIN)
Topical term or geographic name as entry element MAPPING AND MEASUREMENT
942 ## - ADDED ENTRY ELEMENTS (KOHA)
Suppress in OPAC 0
948 ## - LOCAL PROCESSING INFORMATION (OCLC); SERIES PART DESIGNATOR (RLIN)
c (OCLC) 04/03/1997
Holdings
Withdrawn status Lost status Source of classification or shelving scheme Damaged status Not for loan Home library Current library Shelving location Date acquired Cost, normal purchase price Total Checkouts Full call number Barcode Date last seen Copy number Cost, replacement price Price effective from Koha item type Date last checked out
    Dewey Decimal Classification     London London RICS Boxes 06/03/1996 27.50   RICS 1996/11 30049606 06/08/2019 1 27.50 06/08/2019 Archive  
    Dewey Decimal Classification     London London RICS Boxes 06/03/1996 27.50   RICS 1996/11 30049607 06/08/2019 2 27.50 06/08/2019 Reference material  
    Dewey Decimal Classification     London London RICS Boxes 06/03/1996 27.50 25 RICS 1996/11 30049609 06/08/2019 4 27.50 06/08/2019 Book 08/10/2009